000
00279nam a2200121Ia 4500
005
20251222141919.0
008
251222s9999||||xx |||||||||||||| ||spa||
020
_a
84-226-1220-8
082
_a
830/K74
100
_a
"Kosalik,Heinz G."
245
0
_a
Corazones perdidos
942
_c
LIB
999
_c
8665
_d
8665